00540nam a22001697a 450000500170000001000210001702000260003803700170006424500900008126000370017127000560020830000260026470000220029070000220031294200170033499900190035120170919124257.0 a1718EN-30  a9788182749436c695.00 bPragatiadpl aAct east and India's north- east /cedited by C. Joshua Thomas [and] Konthoujam Sarda aNew DelhibPentagon Press c2017 a206, Peacock Lane, Shahpur Jat bNew Delhi e110049v axxiii,146p.c23cm(Hb) aThomas, C. Joshua aSarda, Konthoujam 2ddccENmACT c144948d144948